Applied statistics and probability for engineers (Record no. 1301160)

MARC details
000 -LEADER
fixed length control field 00575nam a2200205Ia 4500
005 - DATE AND TIME OF LATEST TRANSACTION
control field 20250326143819.0
008 - FIXED-LENGTH DATA ELEMENTS--GENERAL INFORMATION
fixed length control field 250326s9999 xx 000 0 und d
020 ## - INTERNATIONAL STANDARD BOOK NUMBER
International Standard Book Number 9812-53-058-4
037 ## - SOURCE OF ACQUISITION
Stock number Textbook
040 ## - CATALOGING SOURCE
Original cataloging agency FMSL
Language of cataloging eng
Transcribing agency FMSL
041 ## - LANGUAGE CODE
Language code of text/sound track or separate title eng
Source of code eng
084 ## - COLON CLASSIFICATION NUMBER
Classification number B281 P2
Assigning agency FMSL
100 ## - MAIN ENTRY--PERSONAL NAME
Personal name Montgomery Douglas C.
245 #0 - TITLE STATEMENT
Title Applied statistics and probability for engineers
Statement of responsibility, etc. Montgomery Douglas C.
250 ## - EDITION STATEMENT
Edition statement 3
260 ## - PUBLICATION, DISTRIBUTION, ETC.
Place of publication, distribution, etc. Noida
Name of publisher, distributor, etc. Noida, John Wiley & Sons
Date of publication, distribution, etc. 2004
300 ## - PHYSICAL DESCRIPTION
Extent 708p
942 ## - ADDED ENTRY ELEMENTS (KOHA)
Koha item type Textbook
Classification part B281 P2
Holdings
Withdrawn status Lost status Damaged status Not for loan Home library Current library Date acquired Total Checkouts Full call number Barcode Date last seen Price effective from Koha item type
        Faculty of Management Library Faculty of Management Library 2025-03-26   B281 P2 ML1266674 2025-03-26 2025-03-26 Textbook
Copyright @ Delhi University Library System